Music Quiz

Random Music or Song Quiz

Classic Rock Sorting Gallery Quiz Stats

 Plays Quiz Updated Jun 26, 2017

Score 0/40 Timer 04:00
28 Plays Today
% Correct
Hey Jude
97.3%
Let It Be
96.1%
Yellow Submarine
95.8%
Help!
93.7%
Come Together
93.5%
Another Brick in the Wall
93.4%
Yesterday
93.2%
Here Comes the Sun
91.7%
Love Me Do
90.9%
Twist and Shout
88.5%
Paint It Black
87.1%
Brown Sugar
86.2%
Comfortably Numb
86.1%
Sympathy for the Devil
86%
Jumpin' Jack Flash
86.1%
You Can't Always Get What You Want
85.3%
Black Dog
83.8%
Start Me Up
83.6%
Whole Lotta Love
82.6%
Angie
82.3%
% Correct
Gimme Shelter
82.2%
Immigrant Song
81.9%
Wish You Were Here
81.1%
Kashmir
80.7%
Beast of Burden
78%
Shine On You Crazy Diamond, Parts I–V
76.3%
Wild Horses
75%
The Great Gig In The Sky
73.2%
When the Levee Breaks
73.1%
Babe I'm Gonna Leave You
72.5%
D'yer Mak'er
71.8%
Time
70.4%
Over the Hills and Far Away
70.4%
Echoes
70.3%
In My Life
70.2%
Any Colour You Like
69.8%
Going to California
69.2%
Breathe
67%
Fool in the Rain
63.5%
One Of These Days
57.1%

You're not logged in!

Compare scores with friends on all Sporcle quizzes.
OR
Log In

Show Comments

Extras

Top Quizzes Today


Score Distribution

Your Account Isn't Verified!

In order to create a playlist on Sporcle, you need to verify the email address you used during registration. Go to your Sporcle Settings to finish the process.

Report this User

Report this user for behavior that violates our Community Guidelines.

Details: